000 00788nam a2200217 a 4500
003 MX-MxUPN
005 20240802110306.0
008 991125s1888 fr a r 000 0 spa d
035 _aUPN01000035162
040 _aMX-MxUPN
_bspa
_cMX-MxUPN
041 0 _aspa
050 4 _aPQ6172
_bM3.4
100 1 _aMantilla, Luis Felipe,
_d1833-1877
_929116
245 1 0 _aLibro de lectura no. 3, ó sea, Autores selectos españoles é hispano-americanos
260 _aParís :
_bHachette,
_c1888.
300 _a443 páginas :
_bilustraciones
500 _a"Edición refundida con arreglo á la última ortografía de la Academia Española"
650 4 _aLectura
_xEstudio y enseñanza (Superior)
_915822
650 4 _aLiteratura española (Selecciones, Extractos, etc.)
_913828
942 _2lcc
_cLIBRO
999 _c35162
_d35162